Guess The Artists of the Top 100 Most Recognizable Songs Ever Made - Statistics

General Stats
  • This quiz has been taken 153 times
  • The average score is 71 of 100
Answer Stats
Song Artist % Correct
...Baby One More Time | Toxic Britney Spears
97%
Bad Romance | Poker Face Lady Gaga
97%
Another One Bites The Dust | Bohemian Rhapsody | Don't Stop Me Now | +3 others Queen
96%
Lose Yourself | The Real Slim Shady | Without Me Eminem
94%
Hips Don't Lie | Waka Waka (This Time for Africa) Shakira
94%
In Da Club 50 Cent
92%
Blinding Lights The Weeknd
92%
Shape of You Ed Sheeran
91%
Beat It | Billie Jean | Smooth Criminal | Thriller Micheal Jackson
90%
Here Comes The Sun | Hey Jude! | I Want to Hold Your Hand | Let It Be The Beatles
90%
Dancing Queen ABBA
88%
Rolling In the Deep Adele
87%
Umbrella Rihanna
87%
Like A Virgin | Vogue Madonna
86%
Viva La Vida Coldplay
85%
Smells Like Teen Spirit Nirvana
82%
Purple Rain Prince
82%
Livin' On A Prayer Bon Jovi
79%
Hound Dog | Jailhouse Rock Elvis Presley
79%
Gangnam Style Psy
79%
Zombie The Cranberries
79%
I Wanna Dance With Somebody | I Will Always Love You Whitney Houston
79%
Take On Me A-ha
76%
My Heart Will Go On Celine Dion
76%
Crazy In Love Beyonce
75%
Sweet Child O' Mine Guns N' Roses
75%
Hotel California Eagles
74%
Never Gonna Give You Up Rick Astley
74%
Every Breath You Take The Police
74%
I Want It That Way Backstreet Boys
73%
Gold Digger Kanye West
73%
Another Brick In The Wall Pt. ll Pink Floyd
72%
Wannabe Spice Girls
72%
I Gotta Feeling Black Eyed Peas
71%
Girls Just Wanna Have Fun Cyndi Lauper
71%
Don't Stop Believin' Journey
71%
Stayin' Alive Bee Gees
69%
Imagine John Lennon
69%
Gangsta's Paradise Coolio
68%
Stairway To Heaven Led Zeppelin
68%
Wonderwall Oasis
68%
Hey Ya! Outkast
68%
Somebody That I Used to Know Gotye
64%
Careless Whisper | Wake Me Up Before You Go-Go WHAM!
64%
Dream On Aerosmith
63%
In The End Linkin Park
63%
(I Can't Get No) Satisfaction The Rolling Stones
62%
Call Me Maybe Carly Rae Jepsen
61%
Mr. Brightside The Killers
61%
Seven Nation Army The White Stripes
61%
Yeah! Usher
61%
Livin' La Vida Loca Ricky Martin
59%
Respect Aretha Franklin
58%
September Earth, Wind & Fire
58%
The Final Countdown Europe
58%
I Will Survive Gloria Gaynor
58%
Eye Of The Tiger Survivor
58%
YMCA The Village People
58%
U Can't Touch This M.C. Hammer
57%
Uptown Funk Mark Ronson
56%
California Love 2pac
54%
Sweet Dreams (Are Made of This) Eurythmics
53%
What A Wonderful World Louis Armstrong
53%
Sweet Home Alabama Lynyrd Skynyrd
53%
All Star | I'm A Believer Smash Mouth
53%
Back in Black Amy Winehouse
50%
Sweet Caroline Neil Diamond
50%
Good Virbrations The Beach Boys
50%
Call Me Blondie
49%
Despacito Luis Fonsi
48%
The Sound of Silence Simon & Garfunkel
48%
The House of the Rising Sun The Animals
45%
See You Again Wiz Khalifa & Charlie Puth
42%
Three Little Birds Bob Marley
38%
Still D.R.E. Dr. Dre & Snoop Dogg
36%
I Got You (I Feel Good) James Brown
31%
Macarena Los Del Rio
26%
I Want You Back The Jackson Five
14%
Ain't No Mountain High Enough Marvin Gaye &Tammi Terrell
11%
No matching quizzes found
Score Distribution
Percent of People with Each Score
Percentile by Number Answered
Your Score History
You have not taken this quiz